| 000 | 00832nam a22002177a 4500 | ||
|---|---|---|---|
| 003 | OSt | ||
| 005 | 20260421033445.0 | ||
| 008 | 251030b |||||||| |||| 00| 0 eng d | ||
| 020 | _a1-55963-641-6. | ||
| 040 |
_aDWCL-Main lib _cOC |
||
| 082 | _aCir. 508.8092 J65 2001 | ||
| 245 |
_aJohn Muirs last journey : south to the Amazon and East Africa : _bunpublished journals and selected correspondence |
||
| 260 |
_aWashington D.C. : _bIsland Press/Shearwater Books, _cc2001. |
||
| 300 |
_axxi, 337 pages : _billustration ; _c21 cm. |
||
| 504 | _aIncludes bibligraphical references and index. | ||
| 650 | _21. Muir, John-1838-1914-Journeys-Africa. | ||
| 650 | _22. Muir, John-1838-1914-Journeys-South America. | ||
| 650 | _23. Natural history-Africa. | ||
| 650 | _24. Natural history-South America. | ||
| 942 |
_2ddc _cBK-CIRC _kCirc., _n0 |
||
| 999 |
_c5345 _d5345 |
||